[Event "Wch Seniors 65 28th"]
[Site "Bled"]
[Date "2018.11.22"]
[Round "5"]
[White "Freeke, Kees"]
[Black "Krstic, Slobodan"]
[Result "0-1"]
[WhiteElo "1750"]
[BlackElo "1993"]
[PlyCount "102"]
[EventDate "2018.11.18"]
[EventType "swiss"]
[EventRounds "11"]
[EventCountry "SLO"]
[SourceTitle "CBM 187 Extra"]
[Source "ChessBase"]
[SourceDate "2018.11.04"]
[SourceVersion "1"]
[SourceVersionDate "2018.11.04"]
[SourceQuality "1"]

1. e4 e6 2. d4 d5 3. Nc3 Be7 4. exd5 exd5 5. Nf3 Nf6 6. Be2 0-0 7. 0-0 c6 8. Bf4 Nbd7 9. Ne5 Nxe5 10. Bxe5 Bf5 11. a3 b5 12. Bf3 a5 13. Ne2 Qd7 14. c3 Rfe8 15. Ng3 Bg6 16. b4 Qb7 17. Qb3 Nd7 18. Rfe1 Nb6 19. Be2 Bf8 20. Bf1 h5 21. Nh1 Bf5 22. Bf4 Qd7 23. f3 Be7 24. Bd2 h4 25. Nf2 Qc7 26. f4 axb4 27. axb4 Rxa1 28. Rxa1 Bd6 29. g3 hxg3 30. hxg3 g6 31. Qd1 Kg7 32. g4 Be4 33. Qc1 f5 34. g5 Na4 35. Be3 Rh8 36. Nxe4 fxe4 37. Ra2 Rh4 38. Rf2 Qb8 39. Qd2 Qh8 40. Rh2 Rxh2 41. Qxh2 Qxh2+ 42. Kxh2 Nxc3 43. Bh3 Nd1 44. Bd2 e3 45. Bxe3 Nxe3 46. Bd7 Bxf4+ 47. Kg1 Nc2 48. Bxc6 Nxb4 49. Bxb5 Bxg5 50. Kf2 Kf6 51. Ke2 Ke7 0-1

[Event "Wch Seniors 65 28th"]
[Site "Bled"]
[Date "2018.11.18"]
[Round "1"]
[White "Krstic, Slobodan"]
[Black "Renman, Nils Gustaf"]
[Result "0-1"]
[WhiteElo "1993"]
[BlackElo "2351"]
[PlyCount "68"]
[EventDate "2018.11.18"]
[EventType "swiss"]
[EventRounds "11"]
[EventCountry "SLO"]
[SourceTitle "CBM 187 Extra"]
[Source "ChessBase"]
[SourceDate "2018.11.04"]
[SourceVersion "1"]
[SourceVersionDate "2018.11.04"]
[SourceQuality "1"]

1. g3 d5 2. Bg2 c6 3. d3 Nf6 4. Nd2 e5 5. c3 Nbd7 6. Qc2 Bc5 7. e3 0-0 8. Ne2 a5 9. a4 Re8 10. 0-0 Bb6 11. d4 h5 12. h3 e4 13. c4 Nf8 14. cxd5 cxd5 15. b3 Bf5 16. Ba3 Ne6 17. Rfc1 Qd7 18. Kh2 Bc7 19. Kh1 Rac8 20. Qd1 Ng5 21. h4 Nh3 22. Qe1 g5 23. hxg5 Nxg5 24. Nf1 Bh3 25. Ng1 Bxg2+ 26. Kxg2 h4 27. Qe2 hxg3 28. fxg3 Kg7 29. Ra2 Bb8 30. Rxc8 Rxc8 31. Rc2 Rh8 32. Qf2 Rh6 33. Rc1 Ng4 34. Rc2 Nxf2 0-1

[Event "Wch Seniors 65 26th"]
[Site "Marianske Lazne"]
[Date "2016.11.27"]
[Round "8"]
[White "Hanisch, Friedrich"]
[Black "Krstic, Slobodan"]
[Result "1/2-1/2"]
[WhiteElo "2160"]
[BlackElo "1993"]
[PlyCount "103"]
[EventDate "2016.11.19"]
[EventType "swiss"]
[EventRounds "11"]
[EventCountry "CZE"]
[SourceTitle "CBM 175 Extra"]
[Source "ChessBase"]
[SourceDate "2016.12.12"]
[SourceVersion "1"]
[SourceVersionDate "2016.12.12"]
[SourceQuality "1"]

1. d4 g6 2. c4 Bg7 3. Nc3 c5 4. e3 Nc6 5. Nf3 Nf6 6. d5 Na5 7. Be2 0-0 8. 0-0 d6 9. Qc2 a6 10. e4 e5 11. a3 b6 12. Bg5 h6 13. Bxf6 Bxf6 14. b4 Nb7 15. Rab1 Bd7 16. Qb3 Rb8 17. Nd1 b5 18. Ne3 Be7 19. Nd2 Kh7 20. f4 exf4 21. Rxf4 Bg5 22. Rf2 Qe7 23. Bf3 Qe5 24. Rd1 f5 25. Re1 f4 26. Ng4 Qd4 27. Kh1 h5 28. Ref1 hxg4 29. Bd1 a5 30. h3 Kg7 31. hxg4 Rh8+ 32. Kg1 Bh4 33. Nf3 Bxf2+ 34. Rxf2 Rh1+ 35. Kxh1 Qxf2 36. Qc3+ Kf7 37. g5 Rg8 38. Qf6+ Ke8 39. e5 Rf8 40. Qxg6+ Kd8 41. Qg7 Re8 42. e6 Re7 43. Qf8+ Be8 44. g6 Qg3 45. Bc2 cxb4 46. axb4 a4 47. Nd4 Qh4+ 48. Kg1 Kc7 49. Nf5 Qe1+ 50. Kh2 Bxg6 51. Qxe7+ Kb8 52. Nxd6 1/2-1/2

[Event "Wch Seniors 65 26th"]
[Site "Marianske Lazne"]
[Date "2016.11.26"]
[Round "7"]
[White "Krstic, Slobodan"]
[Black "Dalling, Peter"]
[Result "1-0"]
[WhiteElo "1993"]
[BlackElo "1817"]
[PlyCount "99"]
[EventDate "2016.11.19"]
[EventType "swiss"]
[EventRounds "11"]
[EventCountry "CZE"]
[SourceTitle "CBM 175 Extra"]
[Source "ChessBase"]
[SourceDate "2016.12.12"]
[SourceVersion "1"]
[SourceVersionDate "2016.12.12"]
[SourceQuality "1"]

1. e4 e5 2. Nf3 Nf6 3. Nxe5 Nc6 4. Nf3 Nxe4 5. Nc3 Nf6 6. d4 d5 7. Be3 Be7 8. Bd3 Bg4 9. a3 a5 10. h3 Be6 11. Qe2 h6 12. 0-0-0 Na7 13. Ne5 c6 14. Na4 Nd7 15. Nxd7 Bxd7 16. g4 Be6 17. f4 Qc7 18. Rdf1 b5 19. Nc5 Bxc5 20. dxc5 0-0-0 21. Bd4 Rde8 22. Bxg7 Rhg8 23. Be5 Qd8 24. Qh2 f6 25. Bd4 Kb7 26. f5 Bf7 27. Qd2 h5 28. Rfg1 hxg4 29. hxg4 Rh8 30. Rxh8 Rxh8 31. g5 Qc7 32. g6 Bg8 33. Bxf6 Rh2 34. Qe3 Qd7 35. Qe5 Rh5 36. Bg5 Nc8 37. f6 Be6 38. f7 Bxf7 39. gxf7 Qxf7 40. Be2 Rh7 41. Bf4 Ka6 42. Bd3 Rh5 43. Qb8 Qb7 44. a4 Qxb8 45. Bxb8 Kb7 46. Bd6 Rh6 47. Rg7+ Ka6 48. Bf4 Rh8 49. Rg6 Rf8 50. Bxb5+ 1-0

[Event "Wch Seniors 65 26th"]
[Site "Marianske Lazne"]
[Date "2016.11.23"]
[Round "5"]
[White "Krstic, Slobodan"]
[Black "Raikin, Leonid"]
[Result "1/2-1/2"]
[WhiteElo "1993"]
[BlackElo "2180"]
[PlyCount "47"]
[EventDate "2016.11.19"]
[EventType "swiss"]
[EventRounds "11"]
[EventCountry "CZE"]
[SourceTitle "CBM 175 Extra"]
[Source "ChessBase"]
[SourceDate "2016.12.12"]
[SourceVersion "1"]
[SourceVersionDate "2016.12.12"]
[SourceQuality "1"]

1. e4 c6 2. d4 d5 3. e5 Bf5 4. Ne2 e6 5. Ng3 Bg6 6. h4 h6 7. Be3 Ne7 8. Bd3 Bxd3 9. Qxd3 h5 10. Bg5 Nd7 11. Nc3 a6 12. 0-0 c5 13. Nxd5 Nxe5 14. dxe5 Qxd5 15. Qe3 Nc6 16. Rfe1 Qd4 17. Qe2 Qg4 18. Qf1 Qb4 19. Qd3 Qd4 20. Qe2 Qg4 21. Qf1 Qb4 22. Qd3 Qd4 23. Qe2 Qg4 24. Qf1 1/2-1/2

[Event "Wch Seniors 65 26th"]
[Site "Marianske Lazne"]
[Date "2016.11.22"]
[Round "4"]
[White "Vagner, Grigorij"]
[Black "Krstic, Slobodan"]
[Result "0-1"]
[WhiteElo "1849"]
[BlackElo "1993"]
[PlyCount "92"]
[EventDate "2016.11.19"]
[EventType "swiss"]
[EventRounds "11"]
[EventCountry "CZE"]
[SourceTitle "CBM 175 Extra"]
[Source "ChessBase"]
[SourceDate "2016.12.12"]
[SourceVersion "1"]
[SourceVersionDate "2016.12.12"]
[SourceQuality "1"]

1. e4 e6 2. Nf3 b6 3. Nc3 Bb7 4. a3 g6 5. d3 Bg7 6. Be2 Ne7 7. Bg5 h6 8. Be3 d6 9. Bd4 e5 10. Be3 c5 11. 0-0 Nbc6 12. Re1 0-0 13. Qc1 Kh7 14. Nd2 f5 15. f3 f4 16. Bf2 h5 17. g4 fxg3 18. hxg3 Bh6 19. Kg2 Nd4 20. Qd1 Nec6 21. Nd5 Nxe2 22. Qxe2 Nd4 23. Bxd4 cxd4 24. c4 Qg5 25. Rad1 Rf7 26. Rf1 Raf8 27. Rf2 Kg7 28. Rdf1 Bc8 29. Rh1 Qd8 30. f4 exf4 31. e5 fxg3 32. Rxf7+ Rxf7 33. Ne4 Bg4 34. Qe1 Bf3+ 35. Kxg3 Bxh1 36. Qxh1 dxe5 37. Kg2 Qd7 38. Qh4 Qf5 39. Qg3 Qf1+ 40. Kh2 Bf4 41. Nxf4 Qxf4 42. Qxf4 exf4 43. Kg2 Kh6 44. Kf3 g5 45. Nd6 Rf6 46. Nb5 g4+ 0-1

[Event "Wch Seniors 65 24th"]
[Site "Katerini"]
[Date "2014.11.03"]
[Round "10"]
[White "Krstic, Slobodan"]
[Black "Harding, Timothy David"]
[Result "0-1"]
[WhiteElo "2038"]
[BlackElo "2095"]
[PlyCount "112"]
[EventDate "2014.10.24"]
[EventType "swiss"]
[EventRounds "11"]
[EventCountry "GRE"]
[SourceTitle "EXT 2015"]
[Source "ChessBase"]
[SourceDate "2014.11.20"]
[SourceVersion "1"]
[SourceVersionDate "2014.11.20"]
[SourceQuality "1"]

1. e4 e6 2. Qe2 c5 3. f4 Nc6 4. Nf3 g6 5. g3 Bg7 6. c3 Nge7 7. d3 b6 8. Be3 d5 9. Bf2 0-0 10. e5 d4 11. c4 f6 12. exf6 Rxf6 13. Bg2 Bb7 14. 0-0 Qc7 15. Nbd2 Re8 16. Ne4 Rff8 17. g4 Nf5 18. Nfg5 Ne3 19. Bg3 e5 20. f5 gxf5 21. gxf5 Qe7 22. Bh3 Nd8 23. f6 Bxf6 24. Rxf6 Rxf6 25. Nxf6+ Qxf6 26. Qh5 Re7 27. Bh4 Rg7 28. Qe8+ Qf8 29. Qxf8+ Kxf8 30. Kf2 h6 31. Ne4 Nf7 32. Ng3 Ng5 33. Bxg5 Rf7+ 34. Kg1 hxg5 35. a3 g4 36. Bf1 Nxf1 37. Rxf1 Rf3 38. Rxf3+ Bxf3 39. Kf2 Kf7 40. h3 Kg6 41. h4 a6 42. Ke1 Bc6 43. Kd2 Kf6 44. b3 Bd7 45. Ke2 Bf5 46. Nh5+ Kf7 47. Ng3 Bh7 48. Kd2 Ke6 49. b4 e4 50. dxe4 Ke5 51. h5 Kf4 52. h6 Kg5 53. e5 Kxh6 54. e6 Kg7 55. Nh5+ Kf8 56. Nf4 Be4 0-1

[Event "Wch Seniors 65 24th"]
[Site "Katerini"]
[Date "2014.11.02"]
[Round "9"]
[White "Kolbak, Jens"]
[Black "Krstic, Slobodan"]
[Result "1-0"]
[WhiteElo "2232"]
[BlackElo "2038"]
[PlyCount "39"]
[EventDate "2014.10.24"]
[EventType "swiss"]
[EventRounds "11"]
[EventCountry "GRE"]
[SourceTitle "EXT 2015"]
[Source "ChessBase"]
[SourceDate "2014.11.20"]
[SourceVersion "1"]
[SourceVersionDate "2014.11.20"]
[SourceQuality "1"]

1. d4 d5 2. Nf3 e6 3. c4 c6 4. Nc3 Nd7 5. e4 dxe4 6. Nxe4 Ngf6 7. Bd3 Nxe4 8. Bxe4 Bd6 9. 0-0 Nf6 10. Bc2 Bd7 11. Bg5 h6 12. Bh4 g5 13. Bg3 Bxg3 14. fxg3 Rg8 15. Ne5 Rg7 16. Qf3 Ng8 17. Nxf7 Qe7 18. c5 b6 19. Nd6+ Kd8 20. Qf8+ 1-0

[Event "Wch Seniors 65 24th"]
[Site "Katerini"]
[Date "2014.10.28"]
[Round "5"]
[White "Wahlbom, Magnus"]
[Black "Krstic, Slobodan"]
[Result "1-0"]
[WhiteElo "2283"]
[BlackElo "2038"]
[PlyCount "67"]
[EventDate "2014.10.24"]
[EventType "swiss"]
[EventRounds "11"]
[EventCountry "GRE"]
[SourceTitle "EXT 2015"]
[Source "ChessBase"]
[SourceDate "2014.11.20"]
[SourceVersion "1"]
[SourceVersionDate "2014.11.20"]
[SourceQuality "1"]

1. d4 g6 2. c4 Bg7 3. Nf3 Nf6 4. Nc3 d6 5. e4 0-0 6. Be2 e5 7. 0-0 Nc6 8. d5 Ne7 9. b4 Nh5 10. g3 a5 11. Ba3 axb4 12. Bxb4 f5 13. c5 Nf6 14. Ng5 h6 15. cxd6 cxd6 16. Ne6 Bxe6 17. dxe6 Ne8 18. Bf3 Nc6 19. Nd5 Bf6 20. Bc3 Ng7 21. Qb3 Kh8 22. Qxb7 Qe8 23. Nc7 Qe7 24. Qxc6 Rac8 25. Bb4 Rfd8 26. Ba5 d5 27. Nxd5 Qa3 28. Qb6 Rb8 29. Qe3 Qxa5 30. Qxh6+ Kg8 31. Nxf6+ Kf8 32. Qh8+ Ke7 33. Qxg7+ Kxe6 34. Qxg6 1-0

[Event "Wch Seniors 65 24th"]
[Site "Katerini"]
[Date "2014.10.27"]
[Round "4"]
[White "Krstic, Slobodan"]
[Black "Topaloglu, Hayati"]
[Result "1-0"]
[WhiteElo "2038"]
[BlackElo "1848"]
[PlyCount "89"]
[EventDate "2014.10.24"]
[EventType "swiss"]
[EventRounds "11"]
[EventCountry "GRE"]
[SourceTitle "EXT 2015"]
[Source "ChessBase"]
[SourceDate "2014.11.20"]
[SourceVersion "1"]
[SourceVersionDate "2014.11.20"]
[SourceQuality "1"]

1. e4 e6 2. f4 d5 3. e5 c5 4. Nf3 Nc6 5. c3 a6 6. d4 cxd4 7. cxd4 Bb4+ 8. Bd2 Nge7 9. a3 Bxd2+ 10. Qxd2 Bd7 11. Nc3 b5 12. b4 Qb6 13. Be2 Nf5 14. Rd1 Rc8 15. Na2 Rc7 16. g4 Nfe7 17. 0-0 g6 18. Kg2 h5 19. h3 hxg4 20. hxg4 Kd8 21. Nc1 a5 22. Nb3 axb4 23. axb4 Ra7 24. Nc5 Kc7 25. Ra1 Rha8 26. Rxa7+ Rxa7 27. Qb2 Qb8 28. Rc1 Be8 29. Ra1 Nc8 30. Na6+ Rxa6 31. Rxa6 Qb7 32. Ra1 Kd8 33. Ne1 Qb6 34. Nc2 N6a7 35. Bd3 Qb7 36. Qa3 Qc6 37. Ne3 Ke7 38. Rc1 Qb7 39. f5 Nb6 40. f6+ Kd8 41. Qa5 Nc6 42. Qa1 Nxb4 43. Qa3 Nxd3 44. Qd6+ Bd7 45. Qe7# 1-0

[Event "Wch Seniors 65 24th"]
[Site "Katerini"]
[Date "2014.10.25"]
[Round "2"]
[White "Lelis, Janis"]
[Black "Krstic, Slobodan"]
[Result "1-0"]
[WhiteElo "1846"]
[BlackElo "2038"]
[PlyCount "73"]
[EventDate "2014.10.24"]
[EventType "swiss"]
[EventRounds "11"]
[EventCountry "GRE"]
[SourceTitle "EXT 2015"]
[Source "ChessBase"]
[SourceDate "2014.11.20"]
[SourceVersion "1"]
[SourceVersionDate "2014.11.20"]
[SourceQuality "1"]

1. d4 e6 2. c4 h6 3. Nc3 g5 4. e4 Bg7 5. Be3 d6 6. Bd3 Nc6 7. Nge2 e5 8. d5 Nd4 9. Rc1 c5 10. dxc6 bxc6 11. Bb1 c5 12. f3 Ne7 13. Nd5 Ng6 14. 0-0 0-0 15. b4 Be6 16. bxc5 dxc5 17. Bf2 Rb8 18. Nxd4 exd4 19. Qa4 Rb7 20. Bg3 Be5 21. Bxe5 Nxe5 22. f4 gxf4 23. Nxf4 Qb6 24. Nd5 Qd8 25. Qa3 Qg5 26. Qxc5 Rc8 27. Qxd4 Rxc4 28. Qe3 Qg7 29. Rcd1 Ng4 30. Qg3 Bxd5 31. Rxd5 Rc3 32. Rd8+ Kh7 33. e5+ Rxb1 34. Qxc3 Rxf1+ 35. Kxf1 Nxh2+ 36. Kg1 Ng4 37. Qd3+ 1-0

[Event "Wch Seniors 23rd"]
[Site "Opatija"]
[Date "2013.11.23"]
[Round "11"]
[White "Krstic, Slobodan"]
[Black "Kostanjsek, Zorko"]
[Result "1-0"]
[WhiteElo "2027"]
[BlackElo "2177"]
[PlyCount "66"]
[EventDate "2013.11.12"]
[EventType "swiss"]
[EventRounds "11"]
[EventCountry "CRO"]
[SourceTitle "CBM 157 Extra"]
[Source "ChessBase"]
[SourceDate "2013.12.19"]
[SourceVersion "1"]
[SourceVersionDate "2013.12.19"]
[SourceQuality "1"]

1. e4 d6 2. f4 Nf6 3. Nc3 Bg4 4. Be2 Bxe2 5. Qxe2 c6 6. Nf3 e6 7. d4 Be7 8. 0-0 0-0 9. Kh1 d5 10. e5 Nfd7 11. f5 exf5 12. Qd3 g6 13. Bh6 Re8 14. Rae1 Nf8 15. Ne2 Ne6 16. Qe3 Nd7 17. h3 Bf8 18. g4 fxg4 19. hxg4 Bxh6 20. Qxh6 Qe7 21. Kg2 Qf8 22. Qd2 h6 23. Ng3 Rad8 24. Rh1 f6 25. Ref1 Qg7 26. exf6 Nxf6 27. Ne5 Nxd4 28. Nf7 Nxg4 29. Rf4 Ne3+ 30. Kf2 Ng4+ 31. Rxg4 Qxf7+ 32. Rf4 Nf5 33. Nxf5 gxf5 1-0

[Event "Wch Seniors 23rd"]
[Site "Opatija"]
[Date "2013.11.21"]
[Round "9"]
[White "Krstic, Slobodan"]
[Black "Postler, Reinhard"]
[Result "0-1"]
[WhiteElo "2027"]
[BlackElo "2232"]
[PlyCount "66"]
[EventDate "2013.11.12"]
[EventType "swiss"]
[EventRounds "11"]
[EventCountry "CRO"]
[SourceTitle "CBM 157 Extra"]
[Source "ChessBase"]
[SourceDate "2013.12.19"]
[SourceVersion "1"]
[SourceVersionDate "2013.12.19"]
[SourceQuality "1"]

1. e4 c5 2. f4 e6 3. Nf3 a6 4. d3 d6 5. Be2 Nc6 6. c3 Nf6 7. Nbd2 Be7 8. Ng5 Qc7 9. 0-0 b5 10. Bf3 Bb7 11. Re1 Rd8 12. Nf1 h6 13. Nh3 d5 14. e5 Nd7 15. Be3 d4 16. cxd4 Nxd4 17. Bxd4 cxd4 18. Rc1 Qb8 19. Nd2 0-0 20. Nf2 Nb6 21. Bxb7 Qxb7 22. Qf3 Nd5 23. Nb3 Qb6 24. Qe4 a5 25. Rc2 Nb4 26. Rce2 a4 27. Nc1 Rc8 28. f5 exf5 29. Qxf5 Bg5 30. Re4 Rxc1 31. Rxc1 Bxc1 32. Rg4 Be3 33. h4 Qe6 0-1

[Event "Wch Seniors 22nd"]
[Site "Kamena Vourla"]
[Date "2012.11.24"]
[Round "11"]
[White "Krstic, Slobodan"]
[Black "El Gheiadi, Ibrahim"]
[Result "1-0"]
[WhiteElo "2004"]
[BlackElo "2208"]
[PlyCount "79"]
[EventDate "2012.11.13"]
[EventType "swiss"]
[EventRounds "11"]
[EventCountry "GRE"]
[SourceTitle "CBM 151 Extra"]
[Source "ChessBase"]
[SourceDate "2012.12.18"]
[SourceVersion "1"]
[SourceVersionDate "2012.12.18"]
[SourceQuality "1"]

1. g3 c5 2. Bg2 Nc6 3. e4 g6 4. f4 d6 5. d3 Bg7 6. c3 Nf6 7. Na3 0-0 8. Nc2 e6 9. Nf3 Bd7 10. 0-0 Rc8 11. Qe2 Qb6 12. Kh1 Ne8 13. g4 f5 14. h3 fxg4 15. hxg4 Qd8 16. Bh3 Ne7 17. Qh2 d5 18. e5 Qb6 19. b3 Bc6 20. Bg2 d4 21. c4 Bxf3 22. Rxf3 Kf7 23. Bd2 Rh8 24. Raf1 Qc7 25. Rh3 Kg8 26. Be4 b6 27. Kg2 Qd7 28. Ne1 Nc7 29. Nf3 h6 30. Nh4 Qe8 31. f5 gxf5 32. gxf5 exf5 33. Nxf5 Nxf5 34. Rxf5 Qe6 35. Rg3 Rf8 36. Rxg7+ Kxg7 37. Qg3+ Qg6 38. Rf7+ Rxf7 39. Qxg6+ Kf8 40. Bxh6+ 1-0

[Event "Wch Seniors 22nd"]
[Site "Kamena Vourla"]
[Date "2012.11.23"]
[Round "10"]
[White "Rakhimberdiyev, Atalyk"]
[Black "Krstic, Slobodan"]
[Result "1-0"]
[WhiteElo "2133"]
[BlackElo "2004"]
[PlyCount "109"]
[EventDate "2012.11.13"]
[EventType "swiss"]
[EventRounds "11"]
[EventCountry "GRE"]
[SourceTitle "CBM 151 Extra"]
[Source "ChessBase"]
[SourceDate "2012.12.18"]
[SourceVersion "1"]
[SourceVersionDate "2012.12.18"]
[SourceQuality "1"]

1. Nf3 g6 2. e4 Bg7 3. d4 c5 4. dxc5 Qa5+ 5. c3 Qxc5 6. Be3 Qc7 7. Na3 Nc6 8. Nb5 Qd8 9. h3 d6 10. Qd2 a6 11. Nbd4 Bd7 12. Bd3 Rc8 13. 0-0 h6 14. Nxc6 Bxc6 15. Nd4 Bd7 16. Rae1 e5 17. Ne2 Be6 18. Bb1 Qc7 19. f4 Bc4 20. Rf2 Rd8 21. Qc1 b5 22. Ng3 f6 23. Rd2 h5 24. Qd1 Ne7 25. Qf3 Bf7 26. Qf2 Rd7 27. Red1 Nc8 28. h4 Ne7 29. f5 Qc6 30. fxg6 Bxg6 31. Nf5 Bxf5 32. exf5 d5 33. a3 Qc4 34. Bc5 Bf8 35. Bd3 Qg4 36. Bxe7 Bxe7 37. Be2 Qe4 38. Re1 Qa4 39. Red1 Qe4 40. Bf3 Qxf5 41. Bxd5 Qxf2+ 42. Kxf2 Bc5+ 43. Kf3 Ke7 44. Ke4 Rh7 45. Kf5 Rh6 46. Bc6 Rxd2 47. Rxd2 Bd6 48. b4 Rh8 49. Bb7 Rb8 50. Bxa6 Rb6 51. Bc8 Rc6 52. Bb7 Rxc3 53. Ra2 Kf7 54. Bf3 Rc4 55. Bd5+ 1-0

[Event "Wch Seniors 22nd"]
[Site "Kamena Vourla"]
[Date "2012.11.19"]
[Round "7"]
[White "Krstic, Slobodan"]
[Black "Dogantug, Ahmet Ismail"]
[Result "1-0"]
[WhiteElo "2004"]
[BlackElo "2138"]
[PlyCount "81"]
[EventDate "2012.11.13"]
[EventType "swiss"]
[EventRounds "11"]
[EventCountry "GRE"]
[SourceTitle "CBM 151 Extra"]
[Source "ChessBase"]
[SourceDate "2012.12.18"]
[SourceVersion "1"]
[SourceVersionDate "2012.12.18"]
[SourceQuality "1"]

1. e4 c5 2. d3 Nc6 3. g3 Nf6 4. f4 d5 5. e5 Nd7 6. Bg2 Nb6 7. c3 h5 8. Na3 Bg4 9. Nf3 h4 10. Nc2 d4 11. c4 Qd7 12. h3 Bxf3 13. Qxf3 hxg3 14. Bd2 e6 15. 0-0-0 Nc8 16. Qxg3 N8e7 17. Be4 0-0-0 18. Rdg1 Nf5 19. Qg4 Kc7 20. h4 Rb8 21. h5 a6 22. b3 b5 23. Qf3 bxc4 24. dxc4 Rh6 25. Qd3 Kc8 26. Rg5 Nfe7 27. Qf3 Qc7 28. Ne1 Nb4 29. Kb2 f6 30. a3 fxg5 31. fxg5 Rh8 32. axb4 cxb4 33. Nd3 a5 34. Ra1 Kd8 35. h6 gxh6 36. Qf6 Rg8 37. gxh6 Kd7 38. Nf4 Bxh6 39. Qxe6+ Kd8 40. Nd5 Qa7 41. Qxh6 1-0

[Event "Wch Seniors 22nd"]
[Site "Kamena Vourla"]
[Date "2012.11.15"]
[Round "3"]
[White "Krstic, Slobodan"]
[Black "Nukin, Tolegen"]
[Result "0-1"]
[WhiteElo "2004"]
[BlackElo "2203"]
[PlyCount "40"]
[EventDate "2012.11.13"]
[EventType "swiss"]
[EventRounds "11"]
[EventCountry "GRE"]
[SourceTitle "CBM 151 Extra"]
[Source "ChessBase"]
[SourceDate "2012.12.18"]
[SourceVersion "1"]
[SourceVersionDate "2012.12.18"]
[SourceQuality "1"]

1. e4 c5 2. Nf3 b6 3. c4 Bb7 4. d3 g6 5. Nc3 Bg7 6. Be2 d6 7. h3 Nc6 8. 0-0 Nf6 9. Be3 0-0 10. Qd2 e6 11. Bg5 Qd7 12. Qf4 Nh5 13. Qd2 Nd4 14. Nxd4 cxd4 15. Nd1 f5 16. Bxh5 gxh5 17. exf5 Rxf5 18. f3 Qf7 19. f4 Rf8 20. g3 Rxg5 0-1

[Event "Wch Seniors 22nd"]
[Site "Kamena Vourla"]
[Date "2012.11.14"]
[Round "2"]
[White "Rahmani, Behrouz"]
[Black "Krstic, Slobodan"]
[Result "0-1"]
[WhiteElo "1727"]
[BlackElo "2004"]
[PlyCount "90"]
[EventDate "2012.11.13"]
[EventType "swiss"]
[EventRounds "11"]
[EventCountry "GRE"]
[SourceTitle "CBM 151 Extra"]
[Source "ChessBase"]
[SourceDate "2012.12.18"]
[SourceVersion "1"]
[SourceVersionDate "2012.12.18"]
[SourceQuality "1"]

1. e4 e5 2. Nf3 Nc6 3. c3 d5 4. exd5 Qxd5 5. d3 Bf5 6. Nh4 Be6 7. Be3 0-0-0 8. Nd2 f5 9. Nc4 Nf6 10. Qa4 Kb8 11. 0-0-0 f4 12. Bd2 Ka8 13. Nf3 b5 14. Qc2 bxc4 15. dxc4 Qe4 16. Qa4 Nb8 17. Re1 Qb7 18. Rxe5 Bd7 19. Qc2 Bd6 20. Re2 Rhe8 21. b4 c5 22. b5 g6 23. a4 Bf5 24. Qb3 a5 25. Kb2 Nbd7 26. Rg1 Nb6 27. Ne1 Ka7 28. f3 Be6 29. Rf2 Qf7 30. g4 g5 31. Bd3 Bc7 32. Re2 Bxc4 33. Rxe8 Bxb3 34. Rxd8 Bxd8 35. c4 Bxc4 36. Bf5 Nxa4+ 37. Ka3 Bxb5 38. Nc2 Nb6 39. Kb2 Nc4+ 40. Kc1 Nxd2 41. Kxd2 a4 42. Rb1 Qc4 43. Re1 Ba5+ 44. Kd1 Bxe1 45. Kxe1 Qe2# 0-1

[Event "Australian op"]
[Site "Manly Sydney"]
[Date "2009.01.10"]
[Round "10"]
[White "Ali, Mosaddeque"]
[Black "Krstic, Slobodan"]
[Result "1-0"]
[WhiteElo "1943"]
[BlackElo "2064"]
[PlyCount "77"]
[EventDate "2009.01.02"]
[EventType "swiss"]
[EventRounds "11"]
[EventCountry "AUS"]
[SourceTitle "CBM 128 Extra"]
[Source "ChessBase"]
[SourceDate "2009.03.05"]
[SourceVersion "2"]
[SourceVersionDate "2009.03.25"]
[SourceQuality "1"]

1. f4 d5 2. Nf3 c5 3. e3 Nc6 4. Bb5 a6 5. Bxc6+ bxc6 6. b3 Nf6 7. Bb2 g6 8. 0-0 Bg7 9. Qe1 0-0 10. d3 Qc7 11. Nbd2 Nd7 12. Bxg7 Kxg7 13. Qh4 Qd6 14. e4 Qf6 15. Qg3 Qc3 16. Rac1 Nf6 17. f5 Ra7 18. Qh4 gxf5 19. Qg5+ Kh8 20. e5 Rg8 21. Qh4 Ng4 22. Nb1 Qb2 23. Rce1 f6 24. e6 Qxc2 25. Nbd2 Qxd3 26. h3 Ne3 27. Rf2 Bxe6 28. Qh6 d4 29. Ne5 fxe5 30. Qxe6 Raa8 31. Qxe5+ Rg7 32. Qxc5 Nxg2 33. Rxe7 Nf4+ 34. Rxg7 Nxh3+ 35. Kg2 Kxg7 36. Qe7+ Kg6 37. Qe6+ Kg5 38. Nf3+ Kg4 39. Ne5+ 1-0

[Event "Australian op"]
[Site "Manly Sydney"]
[Date "2009.01.05"]
[Round "6"]
[White "Krstic, Slobodan"]
[Black "Caron, Damien"]
[Result "0-1"]
[WhiteElo "2064"]
[BlackElo "1914"]
[PlyCount "61"]
[EventDate "2009.01.02"]
[EventType "swiss"]
[EventRounds "11"]
[EventCountry "AUS"]
[SourceTitle "CBM 128 Extra"]
[Source "ChessBase"]
[SourceDate "2009.03.05"]
[SourceVersion "2"]
[SourceVersionDate "2009.03.25"]
[SourceQuality "1"]

1. e4 e6 2. d3 c5 3. g3 d6 4. Bg2 Nf6 5. f4 h5 6. h3 d5 7. e5 Ng8 8. c3 Ne7 9. Be3 Nf5 10. Bf2 g5 11. Ne2 Nc6 12. Nd2 Be7 13. Nf3 gxf4 14. gxf4 Bh4 15. Bxh4 Nxh4 16. 0-0 Nxg2 17. Kxg2 Ne7 18. Kh2 h4 19. Rg1 Nf5 20. Qe1 Bd7 21. a4 Qb6 22. Qd2 a5 23. d4 c4 24. Rg4 0-0-0 25. Ng5 Rdf8 26. Kg2 Qb3 27. Nc1 Qb6 28. Ra3 Ne3+ 29. Kf3 Nxg4 30. Kxg4 f6 31. exf6 0-1

[Event "Australian op"]
[Site "Manly Sydney"]
[Date "2009.01.04"]
[Round "5"]
[White "Stojic, Svetozar"]
[Black "Krstic, Slobodan"]
[Result "1-0"]
[WhiteElo "1972"]
[BlackElo "2064"]
[PlyCount "57"]
[EventDate "2009.01.02"]
[EventType "swiss"]
[EventRounds "11"]
[EventCountry "AUS"]
[SourceTitle "CBM 128 Extra"]
[Source "ChessBase"]
[SourceDate "2009.03.05"]
[SourceVersion "2"]
[SourceVersionDate "2009.03.25"]
[SourceQuality "1"]

1. e4 e6 2. d4 d5 3. e5 c5 4. c3 Nc6 5. Nf3 Bd7 6. a3 a5 7. Bd3 Qc7 8. 0-0 c4 9. Bc2 b5 10. b3 Nge7 11. Nbd2 h5 12. Bb2 Nf5 13. a4 Rb8 14. axb5 Rxb5 15. Rb1 cxb3 16. Bxb3 Be7 17. c4 dxc4 18. Bxc4 Rb4 19. d5 exd5 20. Bxd5 0-0 21. Ne4 Rfb8 22. Neg5 Bxg5 23. Nxg5 Be8 24. Qxh5 Rh4 25. Qf3 Rxb2 26. Rxb2 Ncd4 27. Bxf7+ Qxf7 28. Qa8 Qg6 29. Rb8 1-0